Sports Quiz

Random Sports or Baseball Quiz

MLB - First Names 2 Quiz Stats

 Plays Quiz not verified by Sporcle

Challenge
Share
Tweet
Embed
Score 0/50 Timer 04:00
0 Plays Today
Last Name First Name % Correct
CrispCoco
97.8%
FielderPrince
97.6%
MauerJoe
96.3%
GreinkeZack
95.5%
HarenDan
94.2%
GlausTroy
94.2%
EcksteinDavid
93.3%
VictorinoShane
93.2%
VottoJoey
93%
HafnerTravis
92.8%
VerlanderJustin
92.7%
UribeJuan
92.5%
YoukilisKevin
92.3%
KershawClayton
92.2%
PenceHunter
91.6%
LillyTed
91%
FurcalRafael
89.9%
AckleyDustin
88.8%
ZobristBen
88%
NadyXavier
87.8%
HinskeEric
87.5%
QuentinCarlos
87.2%
BetemitWilson
85.1%
PaganAngel
84.5%
HawpeBrad
83.7%
Last Name First Name % Correct
LindAdam
83.1%
EthierAndre
81.7%
BartlettJason
81.1%
WietersMatt
80.5%
NolascoRicky
80.1%
MaybinCameron
80%
PineiroJoel
78.7%
PieFelix
75.9%
SchumakerSkip
70.5%
FisterDoug
70.3%
TeahenMark
68.2%
MaholmPaul
67.7%
FukudomeKosuke
66.4%
CallaspoAlberto
65.7%
LeagueBrandon
65.1%
FeldmanScott
64.4%
BorbonJulio
63.6%
VolquezEdinson
62.9%
MonteroMiguel
62.3%
NieseJon
57.8%
KeppingerJeff
57.7%
KalishRyan
46.6%
MazzaroVin
35.7%
CampShawn
34.8%
StammenCraig
32.3%

You're not logged in!

Compare scores with friends on all Sporcle quizzes.
Join for Free
OR
Log In

You Might Also Like...

Show Comments

Extras

Top Quizzes Today


Score Distribution

Your Account Isn't Verified!

In order to create a playlist on Sporcle, you need to verify the email address you used during registration. Go to your Sporcle Settings to finish the process.

Report this User

Report this user for behavior that violates our Community Guidelines.

Details: